| 000 | 00824cam a22001934a 4500 | ||
|---|---|---|---|
| 005 | 20250605164009.0 | ||
| 008 | 250528s ||||||||||||||||||||||||d | ||
| 035 | _a15916 | ||
| 020 | _a38795113 | ||
| 040 |
_aGR-AtMCL _bgre _dGR-AtMCL _eAACR2 |
||
| 245 | 1 | _aClassic Operating Systems / From Batch Processing to Distributed Systems | |
| 260 |
_bSpringer, _c2001 |
||
| 300 | _a598 | ||
| 520 | _aThis book covers the entire history of the field, from the batch processing systems of the 1950s to the distributed systems of the 1990s. The Evolution of Operating Systems Per Brinch Hansen, Open Shop, Batch Processing, Multiprogramming, Timesharing, Concurrent Programming, Personal Computing, Distributed Systems, Bibliography. | ||
| 700 | 1 |
_aHansen Brinch Per _91946 |
|
| 942 | _cBK | ||
| 999 |
_c1464 _d1464 |
||